| 000 | 00000nas##2200000za#4500 |
| 001 | 9.500560 |
| 003 | CaOODSP |
| 005 | 20200421163016 |
| 007 | cr ||||||||||| |
| 008 | 150406c1996||||xxc|| p o||||f| |0fre|d |
| 040 | |aCaOODSP|bfre |
| 041 | |aeng |
| 041 | |afre |
| 043 | |an-cn--- |
| 086 | 1 |aNH12-264-PDF |
| 110 | 2 |aSociété canadienne d'hypothèques et de logement. |
| 245 | 10|aCompendium de recherche |h[ressource électronique] |
| 260 | |aOttawa - Ontario : |bSociété canadienne d'hypothèques et de logement |
| 310 | |aBiennal |
| 362 | 1 |a1996-1997 |
| 775 | 08|tCompendium de recherche.|w(CaOODSP)9.502765 |
| 775 | 08|tCompendium of research |w(CaOODSP)9.506369 |
| 791 | |tCompendium of research |eeng|w(CaOODSP)9.500559 |